<?xml version="1.0" encoding="UTF-8"?><?xml-stylesheet type="text/xsl" href="static/style.xsl"?><OAI-PMH xmlns="http://www.openarchives.org/OAI/2.0/" xmlns:xsi="http://www.w3.org/2001/XMLSchema-instance" xsi:schemaLocation="http://www.openarchives.org/OAI/2.0/ http://www.openarchives.org/OAI/2.0/OAI-PMH.xsd"><responseDate>2026-04-13T04:00:59Z</responseDate><request verb="GetRecord" identifier="oai:www.recercat.cat:20.500.12327/3676" metadataPrefix="marc">https://recercat.cat/oai/request</request><GetRecord><record><header><identifier>oai:recercat.cat:20.500.12327/3676</identifier><datestamp>2025-10-22T11:30:55Z</datestamp><setSpec>com_2072_4428</setSpec><setSpec>com_2072_4427</setSpec><setSpec>col_2072_487898</setSpec></header><metadata><record xmlns="http://www.loc.gov/MARC21/slim" xmlns:dcterms="http://purl.org/dc/terms/" xmlns:xsi="http://www.w3.org/2001/XMLSchema-instance" xmlns:doc="http://www.lyncode.com/xoai" xsi:schemaLocation="http://www.loc.gov/MARC21/slim http://www.loc.gov/standards/marcxml/schema/MARC21slim.xsd">
   <leader>00925njm 22002777a 4500</leader>
   <datafield ind2=" " ind1=" " tag="042">
      <subfield code="a">dc</subfield>
   </datafield>
   <datafield ind2=" " ind1=" " tag="720">
      <subfield code="a">Erill, Ivan</subfield>
      <subfield code="e">author</subfield>
   </datafield>
   <datafield ind2=" " ind1=" " tag="720">
      <subfield code="a">Campoy, Susana</subfield>
      <subfield code="e">author</subfield>
   </datafield>
   <datafield ind2=" " ind1=" " tag="720">
      <subfield code="a">Mazon, Gerard</subfield>
      <subfield code="e">author</subfield>
   </datafield>
   <datafield ind2=" " ind1=" " tag="720">
      <subfield code="a">Barbé, Jordi</subfield>
      <subfield code="e">author</subfield>
   </datafield>
   <datafield ind2=" " ind1=" " tag="260">
      <subfield code="c">2006-01-01</subfield>
   </datafield>
   <datafield ind2=" " ind1=" " tag="520">
      <subfield code="a">Recently, a multiple gene cassette with mutagenic&#xd;
translation synthesis activity was identified and&#xd;
shown to be under LexA regulation in several proteobacteria species. In this work, we have traced&#xd;
down instances of this multiple gene cassette across&#xd;
the bacteria domain. Phylogenetic analyses show&#xd;
that this cassette has undergone several reorganizations since its inception in the actinobacteria, and&#xd;
that it has dispersed across the bacterial domain&#xd;
through a combination of vertical inheritance, lateral&#xd;
gene transfer and duplication. In addition, our analyses show that LexA regulation of this multiple&#xd;
gene cassette is persistent in all the phyla in which&#xd;
it has been detected, and suggest that this regulation&#xd;
is prompted by the combined activity of two of its&#xd;
constituent genes: a polymerase V homolog and&#xd;
an alpha subunit of the DNA polymerase III</subfield>
   </datafield>
   <datafield ind1="8" ind2=" " tag="024">
      <subfield code="a">Erill, Ivan, Susana Campoy, Gerard Mazon, and Jordi Barbé. 2006. “Dispersal and Regulation of an Adaptive Mutagenesis Cassette in the Bacteria Domain.” Nucleic Acids Research 34 (1): 66–77. doi: 10.1093/nar/gkj412</subfield>
   </datafield>
   <datafield ind1="8" ind2=" " tag="024">
      <subfield code="a">0305-1048</subfield>
   </datafield>
   <datafield ind1="8" ind2=" " tag="024">
      <subfield code="a">http://hdl.handle.net/20.500.12327/3676</subfield>
   </datafield>
   <datafield ind1="8" ind2=" " tag="024">
      <subfield code="a">https://doi.org/10.1093/nar/gkj412</subfield>
   </datafield>
   <datafield ind2="0" ind1="0" tag="245">
      <subfield code="a">Dispersal and regulation of an adaptive mutagenesis cassette in the bacteria domain</subfield>
   </datafield>
</record></metadata></record></GetRecord></OAI-PMH>